<?xml version="1.0" encoding="UTF-8"?>
<record
    xmlns:xsi="http://www.w3.org/2001/XMLSchema-instance"
    xsi:schemaLocation="http://www.loc.gov/MARC21/slim http://www.loc.gov/standards/marcxml/schema/MARC21slim.xsd"
    xmlns="http://www.loc.gov/MARC21/slim">

  <leader>01239nam a2200241 a 4500</leader>
  <controlfield tag="003">Biblioteca Akishino</controlfield>
  <controlfield tag="005">20260526193459.0</controlfield>
  <controlfield tag="008">030416s2024    sp |          ||| 1|spa  </controlfield>
  <datafield tag="020" ind1=" " ind2=" ">
    <subfield code="a">9788411485708</subfield>
  </datafield>
  <datafield tag="040" ind1=" " ind2=" ">
    <subfield code="a">SpMaBN</subfield>
    <subfield code="c">SpMaBN</subfield>
    <subfield code="e">rdc</subfield>
  </datafield>
  <datafield tag="041" ind1="1" ind2=" ">
    <subfield code="a">spa</subfield>
    <subfield code="h">jpn</subfield>
  </datafield>
  <datafield tag="082" ind1="0" ind2=" ">
    <subfield code="a">895.635</subfield>
    <subfield code="b">M678u.E 2024</subfield>
  </datafield>
  <datafield tag="100" ind1="1" ind2=" ">
    <subfield code="a">Mishima, Yukio,</subfield>
    <subfield code="d">1925-1970</subfield>
    <subfield code="9">205</subfield>
  </datafield>
  <datafield tag="240" ind1="1" ind2="0">
    <subfield code="a">Utsukushii hoshi.</subfield>
    <subfield code="l">Espa&#xF1;ol</subfield>
  </datafield>
  <datafield tag="245" ind1="1" ind2="3">
    <subfield code="a">La estrella m&#xE1;s hermosa /</subfield>
    <subfield code="c">Yukio Mishima ; traducci&#xF3;n del japon&#xE9;s por Fernando Cordob&#xE9;s y Yoko Ogihara.</subfield>
  </datafield>
  <datafield tag="260" ind1=" " ind2=" ">
    <subfield code="a">Madrid :</subfield>
    <subfield code="b">Alianza,</subfield>
    <subfield code="c">2024.</subfield>
  </datafield>
  <datafield tag="520" ind1=" " ind2=" ">
    <subfield code="a">Escrita en 1962 y considerada por el propio Mishima como una de sus mejores novelas, "La estrella m&#xE1;s hermosa" es una comedia negra que cuenta la historia de la familia Osugi, cuyos miembros se dan cuenta de que vienen cada uno de un planeta distinto. El padre procede de Marte, la madre de J&#xFA;piter, el hijo de Mercurio y la hija de Venus. Este conocimiento extraterrestre hace que se unan en una misi&#xF3;n: encontrar a personas como ellos y salvar as&#xED; a la humanidad de la bomba at&#xF3;mica.</subfield>
  </datafield>
  <datafield tag="650" ind1=" " ind2="7">
    <subfield code="a">Narrativa japonesa</subfield>
    <subfield code="2">LOCAL</subfield>
    <subfield code="9">1368</subfield>
  </datafield>
  <datafield tag="655" ind1=" " ind2="0">
    <subfield code="a">Novela</subfield>
    <subfield code="9">1469</subfield>
  </datafield>
  <datafield tag="700" ind1="1" ind2=" ">
    <subfield code="a">Cordob&#xE9;s, Fernando</subfield>
    <subfield code="9">779</subfield>
  </datafield>
  <datafield tag="700" ind1="1" ind2=" ">
    <subfield code="a">Ogihara, Yoko</subfield>
    <subfield code="9">778</subfield>
  </datafield>
  <datafield tag="942" ind1=" " ind2=" ">
    <subfield code="2">ddc</subfield>
    <subfield code="c">LIBRO</subfield>
  </datafield>
  <datafield tag="952" ind1=" " ind2=" ">
    <subfield code="0">0</subfield>
    <subfield code="1">0</subfield>
    <subfield code="2">ddc</subfield>
    <subfield code="6">895_635000000000000_M678U_E_2024</subfield>
    <subfield code="7">0</subfield>
    <subfield code="8">ESPA&#xD1;OL-INGL&#xC9;S</subfield>
    <subfield code="9">1501</subfield>
    <subfield code="d">2026-05-26</subfield>
    <subfield code="e">Compra</subfield>
    <subfield code="l">0</subfield>
    <subfield code="o">895.635 M678u.E 2024</subfield>
    <subfield code="p">002997</subfield>
    <subfield code="r">2026-05-26</subfield>
    <subfield code="w">2026-05-26</subfield>
    <subfield code="y">LIBRO</subfield>
  </datafield>
  <datafield tag="999" ind1=" " ind2=" ">
    <subfield code="c">936</subfield>
    <subfield code="d">936</subfield>
  </datafield>
</record>
